Normal view MARC view

Entry Personal Name

Number of records used in: 1

001 - CONTROL NUMBER

  • control field: 9150

003 - CONTROL NUMBER IDENTIFIER

  • control field: DLC

005 - DATE AND TIME OF LATEST TRANSACTION

  • control field: 20221003141559.0

008 - FIXED-LENGTH DATA ELEMENTS

  • fixed length control field: 960423n| azannaabn |a aaa c

010 ## - LIBRARY OF CONGRESS CONTROL NUMBER

  • LC control number: no 96021008

016 ## - NATIONAL BIBLIOGRAPHIC AGENCY CONTROL NUMBER

  • Record control number: 1033F4526E

035 ## - SYSTEM CONTROL NUMBER

  • System control number: (OCoLC)oca04063245

040 ## - CATALOGING SOURCE

  • Original cataloging agency: AU
  • Language of cataloging: eng
  • Description conventions: rda
  • Transcribing agency: AU
  • Modifying agency: DLC
  • Modifying agency: DNLM
  • Modifying agency: CaOONL

042 ## - AUTHENTICATION CODE

  • Authentication code: nlc

046 ## - SPECIAL CODED DATES

  • Birth date: 1961-10-22
  • Source of date scheme: edtf

100 1# - HEADING--PERSONAL NAME

  • Personal name: Rahman, Shafiur

377 ## - ASSOCIATED LANGUAGE

  • Language code: eng

378 ## - FULLER FORM OF PERSONAL NAME

  • Fuller form of personal name: Mohammad Shafiur

400 1# - SEE FROM TRACING--PERSONAL NAME

  • Personal name: Rahman, Mohammad Shafiur

400 1# - SEE FROM TRACING--PERSONAL NAME

  • Personal name: Rahman, M. Shafiur

670 ## - SOURCE DATA FOUND

  • Source citation: Food properties handbook, c1995:
  • Information found: t.p. (Shafiur Rahman) bio. (Dr. Mohammad Shafiur Rahman, food scientist, Horticulture and Food Research Institute of New Zealand)

670 ## - SOURCE DATA FOUND

  • Source citation: Handbook of food preservation, 1999:
  • Information found: CIP t.p. (M. Shafiur Rahman) data sht. (b. Oct. 22, 1961)

670 ## - SOURCE DATA FOUND

  • Source citation: Bioactive components, diet and medical treatment in cancer prevention, 2018:
  • Information found: title page (Mohammad Shafiur Rahman) t.p. verso (Department of Food Science and Nutrition, College of Agricultural and Marine Sciences, Sultan Qaboos University, Muscat, Oman)

Powered by Koha